01384cam a2200337 a 4500001001400000003000800014005001700022006001900039007001500058008004100073020003800114040003000152049002600182050002300208082001500231100003100246245010600277260005300383300004400436520019500480521001700675588004700692504005100739650003900790655002900829710001600858776003500874856010200909942001601011999001901027EDZ0000063750StDuBDS20161031105147.0m||||||||d||||||||cr |||||||||||120319s2001 caua fo| 001|0|eng|d a9781452233666 (ebook) :cNo price aStDuBDSbengcStDuBDSepn aAlfaisal Main Library 0aBF76.5b.C465 200104a150.722231 aCherulnik, Paul D.,d1941-10aMethods for behavioral researchh[electronic resource] :ba systematic approach /cPaul D. Cherulnik. aThousand Oaks, Calif. ;aLondon :bSAGE,cc2001. a1 online resource (xii, 481 p.) :bill.8 aProviding both a theoretical understanding of research issues and a nuts-and-bolts guide, this book presents the critical issues in psychological research in a clear and easy-to-read manner. aSpecialized. aDescription based on print version record. aIncludes bibliographical references and index. 0aPsychologyxResearchxMethodology. 7aElectronic books.2local2 aSage eBooks08iPrint version :z978076192199840uhttp://ezproxy.alfaisal.edu/login?url=http://sk.sagepub.com/books/methods-for-behavioral-research 2lcccEBOOKS c480661d480661